000 00616nam a2200181 i 4500
001 56959
003 ES-MaACL
005 20250803064316.0
007 t|
008 031014s1913 ag |||| | spa d
100 1 _aDobranich, Horacio H.
_944942
245 1 1 _a¡Así no te querrán!
_b: monólogo dramático, compuesto con las rimas de Gustavo Adolfo Bécquer /
_cHoracio H. Dobranich.
260 _aBuenos Aires :
_bLibrería de Bonmati, hijo,
_c1913.
300 _a17 p. ;
_c19 cm.
600 1 4 _aBécquer, Gustavo Adolfo,
_d1836-1870.
_tRimas
_926978
852 _aES-MaACL
_j1516-F-20
999 _c56959
_d56959